000 00468nam a2200181Ia 4500
001 308
005 20260306140508.0
008 260306t2024||||xx |||||||||||||| ||spa||
041 _aESP
082 _a060.98542
_bA176
110 _aAsociación Civil Hay Festival Perú
245 0 _aDiez años :
_bconversaciones Hay Festival Arequipa 2015-2024
260 _c2024
300 _a229 páginas :
_c26 cm.
650 _aGEN
654 _aCHU
942 _cLIB
_dJUS
_fJUS
_2ddc
_n
999 _c308
_d308